000 00590nam a2200205Ia 4500
005 20250326144701.0
008 250326s9999 xx 000 0 und d
020 _a81-261-1535-1
037 _aAnnuals, Advances
040 _aFMSL
_beng
_cFMSL
041 _aeng
_2eng
084 _aX:74.1 P3;1
_qFMSL
100 _aBhalla V K
245 0 _aInternational business environment and management
_cBhalla V K; Shivaramu S
250 _a7
260 _aNew Delhi
_bNew Delhi, Anmol
_c2003
300 _a822p
942 _cTB
_hX:74.1 P3;1
999 _c1304617
_d1304617